000 00823nam a2200181 a 4500
001 000371625
003 AM-YeHGA
005 20250618072257.0
008 041020s1911 ||| r 000 0 arm d
040 _aAM-YeHGA
041 0 _aarm
100 1 _aՕրմանյան, Մաղաքիա
_cարքեպիսկոպոս,
_d1841-1918
_91548
245 1 0 _aՀայոց եկեղեցին եւ իր պատմութիւնը, վարդապետութիւնը, վարչութիւնը, բարեկարգութիւնը, արարողութիւնը, գրականութիւնը, ու ներկայ կացութիւնը /
_cՄաղաքիա Արքեպիսկոպոս Օրմանեան.
260 _aԿոստանդնուպոլիս :
_bԱ.հ.,
_c1911.
300 _a272 էջ.
653 0 _aՀայոց եկեղեցի - Պատմություն
090 _c143395
999 _c142015
_d142015